[Event "AUTO-INT-2326"]
[Site "http://www.queenalice.com/game.php?id=1061274"]
[Date "2012.5.18"]
[Round "1"]
[White "Gera10"]
[Black "carito30236"]
[Result "1-0"]
[WhiteElo "1699"]
[BlackElo "1755"]

1. e4 e5 2. Nf3 d6 3. Nc3 Nd7 4. d3 h6 5. Be2 c6 6. O-O g5 7. d4 g4 8. Nd2 Ngf6
9. a4 exd4 10. Ncb1 Ne5 11. b4 h5 12. c3 c5 13. bxc5 dxc5 14. cxd4 cxd4 15. Na3
Bxa3 16. Bxa3 d3 17. Nc4 dxe2 18. Qxe2 Qc7 19. Nxe5 Qxe5 20. Bb2 Qe6 21. e5 Nd7
22. Qe3 Nb6 23. a5 Nc4 24. Qc3 Bd7 25. Rfe1 Rg8 26. Re4 Bb5 27. Ba3 Rg5 28. Qb4
a6 29. Qf8+ Kd7 30. Qxa8 Bc6 31. Rd1+ Qd5 32. Rxd5+ Bxd5 33. Rd4 Rxe5 34. Bb4 b6
35. Rxd5+ Rxd5 36. Qxd5+ 1-0

[Event "AUTO-INT-2326"]
[Site "http://www.queenalice.com/game.php?id=1061275"]
[Date "2012.5.18"]
[Round "1"]
[White "carito30236"]
[Black "Gera10"]
[Result "1-0"]
[WhiteElo "1766"]
[BlackElo "1702"]

1. d4 d5 2. e3 Nc6 3. Bd3 e5 4. f3 Be7 5. Ne2 Nf6 6. a3 O-O 7. h4 exd4 8. exd4
a6 9. Bf4 b5 10. b4 Bd6 11. Qd2 Nh5 12. Bxd6 Qxd6 13. Nbc3 Ng3 14. Nxg3 Qxg3+
15. Kf1 Ne7 16. Re1 c6 17. Rxe7 Be6 18. Ne2 Qd6 19. Rb7 Bc8 20. h5 Bxb7 21. h6
g6 22. Rh5 a5 23. bxa5 Qxa3 24. Qf4 Qxa5 25. Qf6 Qa1+ 26. Kf2 Qxd4+ 27. Qxd4 f6
28. Rg5 Bc8 29. Nf4 Kf7 30. Bxg6+ Ke7 31. Qc5+ Kd7 32. Qxf8 Bb7 33. Qf7+ Kd6 34.
Qe6+ Kc5 35. Nd3+ Kb6 36. Rxd5 Ra2 37. Bxh7 Rxc2+ 38. Ke3 Ka7 39. Rc5 Rxc5 40.
Nxc5 b4 41. Qd7 Kb6 42. Nxb7 b3 43. Be4 Kb5 44. Qxc6+ Kb4 45. Qc5+ Ka4 46. Qa5#
1-0

[Event "AUTO-INT-2326"]
[Site "http://www.queenalice.com/game.php?id=1061278"]
[Date "2012.5.18"]
[Round "1"]
[White "Gera10"]
[Black "kpfingaz"]
[Result "0-1"]
[WhiteElo "1689"]
[BlackElo "1689"]

1. e4 d5 2. Bd3 e6 3. Nf3 Bd6 4. a3 Qf6 5. c3 Bc5 6. O-O Ne7 7. b4 Bb6 8. a4 Ng6
9. a5 Bxf2+ 10. Rxf2 Nf4 11. exd5 Nxd3 12. Qe2 Nxc1 13. Qe3 O-O 14. Na3 Nb3 15.
Rb1 Nxd2 16. Qxd2 e5 17. Nb5 Na6 18. Ng5 Qg6 19. Rd1 Bd7 20. Nxc7 Nxc7 21. Nf3
Bh3 22. Nxe5 Qd6 23. Nf3 Bg4 24. Qd3 h6 25. h3 Bh5 26. Re1 Bxf3 27. Rxf3 b6 28.
a6 Rad8 29. Ref1 Nxd5 30. R1f2 Qe6 31. Qf1 Ne3 32. Qe1 Rd1 33. Re2 Rxe1+ 34.
Rxe1 Qa2 35. Rfxe3 Qd2 36. Re7 Qxc3 37. R1e4 Qa1+ 38. Kf2 Qxa6 39. Kg3 Qd3+ 40.
Kh2 Qd6+ 41. Kh1 a6 42. Ra7 Qd3 43. Rae7 f5 44. R4e6 Qb1+ 45. Kh2 Qxb4 46. Re1
a5 47. R7e2 g6 48. Rd1 a4 49. Rdd2 b5 50. Rb2 Qd6+ 51. Kh1 Rc8 52. Re1 b4 53.
Rbe2 Qc6 54. Kh2 b3 55. Re6 Qc7+ 56. Kh1 Qg7 57. Ra6 Rc4 58. Re8+ Kh7 59. Rea8
Rc1+ 60. Kh2 Qe5+ 61. g3 Qe2# 0-1

[Event "AUTO-INT-2326"]
[Site "http://www.queenalice.com/game.php?id=1061279"]
[Date "2012.5.18"]
[Round "1"]
[White "kpfingaz"]
[Black "Gera10"]
[Result "0-1"]
[WhiteElo "1728"]
[BlackElo "1667"]

1. e4 e5 2. Nf3 Nc6 3. Bd3 Nf6 4. Bc4 Nxe4 5. Qe2 d5 6. Bb5 Bd7 7. Ba4 Bc5 8.
Kf1 Nxf2 9. d4 Nxh1 10. dxc5 e4 11. Nc3 a6 12. Kg1 O-O 13. Ng5 Nd4 14. Qd2 Bxa4
15. Nxa4 Nf5 16. Kxh1 e3 17. Qe2 Qxg5 18. b4 Rfe8 19. Nc3 d4 20. Nd5 Re5 21. Qf3
Nh4 22. Ne7+ Qxe7 23. Qxb7 Re8 24. Bb2 Qg5 25. g3 Nf5 26. Re1 e2 27. Qxc7 Qd2
28. Rg1 Nxg3+ 29. hxg3 Rh5+ 30. Kg2 e1=Q+ 31. Kf3 Qee2# 0-1

[Event "AUTO-INT-2326"]
[Site "http://www.queenalice.com/game.php?id=1091181"]
[Date "2012.8.7"]
[Round "2"]
[White "abreuchess"]
[Black "Gera10"]
[Result "1-0"]
[WhiteElo "2351"]
[BlackElo "1672"]

1. e4 e5 2. f4 d6 3. Nc3 c6 4. Nf3 Nd7 5. d4 Qe7 6. Be2 b5 7. fxe5 dxe5 8. O-O
exd4 9. Nxd4 Ngf6 10. Bg5 Qd6 11. Kh1 Be7 12. Bf3 Ne5 13. Bf4 Qc5 14. Bxe5 Qxe5
15. Nxc6 Qc5 16. e5 Nd7 17. Nxe7 Qxe7 18. Bxa8 Nxe5 19. Qd4 O-O 20. Rae1 f6 21.
Bd5+ Kh8 22. Nxb5 a6 23. Na3 Qd6 24. Nc4 Nxc4 25. Qxc4 h6 26. Re3 f5 27. Rfe1
Bd7 28. Re7 g5 29. R1e6 Qb8 30. Rxh6# 1-0

[Event "AUTO-INT-2326"]
[Site "http://www.queenalice.com/game.php?id=1091182"]
[Date "2012.8.7"]
[Round "2"]
[White "Gera10"]
[Black "abreuchess"]
[Result "0-1"]
[WhiteElo "1670"]
[BlackElo "2352"]

1. e4 c5 2. Nf3 d6 3. Nc3 Nc6 4. d4 cxd4 5. Nxd4 e5 6. Nxc6 bxc6 7. b4 Nf6 8.
Bd3 Be7 9. O-O O-O 10. a4 d5 11. Qf3 Bxb4 12. Bb2 d4 13. Ne2 Bg4 14. Qg3 Qe7 15.
h3 Bxe2 16. Bxe2 Nxe4 17. Qg4 f5 18. Qh5 Rf6 19. Bc4+ Kh8 20. a5 Nd2 21. Rfe1
Nxc4 22. Red1 Nxb2 23. Rdb1 Bc3 24. Ra2 Nc4 25. a6 Nd6 26. Ra3 Ne4 27. Rb7 Qxa3
28. Rf7 Qc1+ 29. Kh2 Qf4+ 30. g3 Qxf2+ 31. Kh1 Nxg3# 0-1

[Event "AUTO-INT-2326"]
[Site "http://www.queenalice.com/game.php?id=1091187"]
[Date "2012.8.7"]
[Round "2"]
[White "Gera10"]
[Black "kpfingaz"]
[Result "1-0"]
[WhiteElo "1630"]
[BlackElo "1660"]

1. e4 e5 2. Nf3 d6 3. Nc3 Bd7 4. d4 Bg4 5. Be2 Bh5 6. O-O Nd7 7. b4 Be7 8. d5
Ngf6 9. Bg5 h6 10. Bxf6 Bxf6 11. a4 a5 12. bxa5 Rxa5 13. Qd2 b6 14. Nb5 Nc5 15.
Qe3 Bg6 16. Bd3 Bg5 17. Qe2 Kf8 18. Nxg5 hxg5 19. Ra3 Bh5 20. Qe3 g4 21. Qg3 g6
22. Be2 Nxe4 23. Qe3 Ng5 24. Qg3 f6 25. Bxg4 Ne4 26. Qf3 Nd2 27. Qh3 Kg7 28. Re1
Nc4 29. Ra2 Qe7 30. Bxh5 Rxh5 31. Qc8 Rh8 32. Qg4 Nd2 33. c4 f5 34. Qe2 Qh4 35.
h3 Ne4 36. Nxc7 Ng5 37. Ra3 Rc5 38. Na6 Ra5 39. Nc7 Rc5 40. Ne6+ Nxe6 41. dxe6
Kf6 42. Rb3 Rb8 43. Rb5 Rxc4 44. a5 Re4 45. Qd2 Rd4 46. Qb2 Ra8 47. Rxb6 Rxa5
48. Rb5 Ra6 49. Rb6 Ra8 50. Rb8 Ra7 51. Qb6 Qh7 52. Re8 Kg5 53. Qd8+ Kf4 54. g3+
Kf3 55. Re3# 1-0

[Event "AUTO-INT-2326"]
[Site "http://www.queenalice.com/game.php?id=1091188"]
[Date "2012.8.7"]
[Round "2"]
[White "kpfingaz"]
[Black "Gera10"]
[Result "1-0"]
[WhiteElo "1671"]
[BlackElo "1645"]

1. e4 e5 2. Qf3 Nf6 3. d3 d6 4. Bg5 Be7 5. h4 Nc6 6. c3 b5 7. Nd2 O-O 8. Ne2 a5
9. a3 Ba6 10. Ng3 b4 11. cxb4 axb4 12. a4 Nd4 13. Qd1 h6 14. Be3 Ng4 15. Rc1 Qc8
16. b3 c5 17. Nf5 Nxf5 18. Qxg4 Bxh4 19. Bxh6 Qe6 20. Rxh4 Qxh6 21. Rxh6 Nxh6
22. Qg3 Bc8 23. Nc4 Ra6 24. Ne3 g6 25. Qh4 Kg7 26. d4 Rc6 27. Bb5 Rb6 28. dxc5
dxc5 29. Rxc5 f6 30. Rc7+ Rf7 31. Rxc8 Rd6 32. f3 f5 33. Bc4 Re7 34. Qxe7+ Nf7
35. Qxf7+ Kh6 36. Qf8+ Kg5 37. Qxd6 Kf4 38. Nd5+ Kg3 39. Kf1 fxe4 40. Qxe5+ Kh4
41. Rh8# 1-0

[Event "AUTO-INT-2326"]
[Site "http://www.queenalice.com/game.php?id=1091189"]
[Date "2012.8.7"]
[Round "2"]
[White "Gera10"]
[Black "ebpap123"]
[Result "0-1"]
[WhiteElo "1656"]
[BlackElo "1777"]

1. e4 c5 2. Nf3 d6 3. Nc3 Nf6 4. d3 e6 5. d4 cxd4 6. Qxd4 Nc6 7. Qa4 Bd7 8. Bb5
a6 9. Bxc6 Bxc6 10. Qc4 Be7 11. O-O O-O 12. a4 Rc8 13. Qd4 Qc7 14. e5 dxe5 15.
Nxe5 Rfd8 16. Qh4 Qxe5 17. Bf4 Qh5 18. Qg3 Qg4 19. Qxg4 Nxg4 20. b4 Nf6 21. a5
Nd5 22. Nxd5 Bxd5 23. Rfd1 Rxc2 24. Rab1 Rdc8 25. h3 Ra2 26. f3 Rcc2 27. Bd2
Rxd2 28. Rxd2 Rxd2 29. b5 axb5 30. Kh2 Bxf3 31. Rg1 Rxg2+ 32. Rxg2 Bxg2 33. Kxg2
Bb4 34. Kf2 Bxa5 35. Ke2 b4 36. Kd2 f5 37. h4 f4 38. h5 f3 39. Ke3 b3 40. Kxf3
b2 41. Ke4 b1=Q+ 42. Ke5 Qf5+ 43. Kd6 Qd5+ 44. Ke7 Bd8+ 45. Ke8 Qd6 46. h6 Qe7#
0-1

[Event "AUTO-INT-2326"]
[Site "http://www.queenalice.com/game.php?id=1091190"]
[Date "2012.8.7"]
[Round "2"]
[White "ebpap123"]
[Black "Gera10"]
[Result "1-0"]
[WhiteElo "1760"]
[BlackElo "1668"]

1. e4 e5 2. Nf3 Nc6 3. Bb5 Nf6 4. O-O Nxe4 5. Re1 d5 6. Nxe5 Qf6 7. Nf3 Bc5 8.
Rf1 Nxf2 9. Rxf2 Bxf2+ 10. Kxf2 O-O 11. Kg1 Nd4 12. Nxd4 Qxd4+ 13. Kh1 c6 14.
Bd3 b5 15. Nc3 Qh4 16. b3 Bg4 17. Be2 Bxe2 18. Nxe2 Rae8 19. Ng3 Qe7 20. Bb2 Qc5
21. Nf5 d4 22. Nxd4 Re4 23. Nf3 Rfe8 24. h3 Qf2 25. Qg1 Qg3 26. Bc3 b4 27. d3
Re2 28. Re1 Rxe1 29. Bxe1 Qf4 30. Bd2 Qf6 31. Qc1 a5 32. a3 Qg6 33. axb4 Re2 34.
Qf1 axb4 35. Qxe2 c5 36. Qe8# 1-0

[Event "AUTO-ADV-2657"]
[Site "http://www.queenalice.com/game.php?id=1114701"]
[Date "2012.10.21"]
[Round "1"]
[White "Gera10"]
[Black "tana"]
[Result "0-1"]
[WhiteElo "1560"]
[BlackElo "1920"]

1. e4 e5 2. Nf3 Nc6 3. Nc3 d6 4. a3 Nf6 5. Be2 Be7 6. O-O O-O 7. d3 Nd4 8. Bg5
c5 9. b4 b6 10. Bxf6 Bxf6 11. Nd5 Bb7 12. c3 Nxf3+ 13. Bxf3 Bxd5 14. exd5 e4 15.
dxe4 Bxc3 16. Rb1 Qh4 17. bxc5 Be5 18. g3 Qf6 19. cxb6 axb6 20. Rxb6 Rxa3 21.
Bg4 Qd8 22. Qc1 Qxb6 23. Qxa3 g6 24. Be2 Qd4 25. Qf3 Ra8 26. Kg2 Ra2 27. h4 Qd2
28. Bc4 Ra4 29. Bb5 Rb4 30. Be8 f6 31. g4 Qf4 32. Qxf4 Bxf4 33. Kf3 Be5 34. g5
Rb3+ 35. Kg2 Kg7 36. Rc1 Rb8 37. Kh3 Rxe8 38. Rc7+ Kg8 39. Kg4 Rf8 40. h5 Bd4
41. f3 f5+ 42. exf5 Rxf5 43. Rd7 Be5 44. hxg6 hxg6 45. Re7 Rf4+ 46. Kg3 Rf7+ 47.
f4 Rxe7 48. fxe5 Rxe5 49. Kf4 Rxd5 50. Kg4 Re5 51. Kf4 Re8 52. Kg4 d5 53. Kf4 d4
54. Kf3 d3 55. Kf4 d2 56. Kg3 d1=Q 57. Kf4 Qf1+ 58. Kg3 Re2 59. Kg4 Rg2+ 60. Kh3
Qh1# 0-1

[Event "AUTO-ADV-2657"]
[Site "http://www.queenalice.com/game.php?id=1114702"]
[Date "2012.10.21"]
[Round "1"]
[White "tana"]
[Black "Gera10"]
[Result "1-0"]
[WhiteElo "1902"]
[BlackElo "1562"]

1. e4 e5 2. Nf3 Nc6 3. Bb5 Nf6 4. d3 a6 5. Ba4 b5 6. Bb3 Bb7 7. c3 Bd6 8. Ng5
O-O 9. O-O Qe7 10. Be3 Nd8 11. Nd2 h6 12. Ngf3 Nc6 13. d4 exd4 14. Nxd4 Nxd4 15.
Bxd4 Nxe4 16. Re1 c5 17. Be3 c4 18. Bc2 b4 19. Nxc4 bxc3 20. bxc3 Nxc3 21. Qd3
Nd5 22. Qh7# 1-0